| 000 | 00723 a2200181 4500 | ||
|---|---|---|---|
| 003 | Nust | ||
| 005 | 20170207165830.0 | ||
| 010 | _a 2009928743 | ||
| 020 | _a0470479914 (pbk. : alk. paper) | ||
| 020 | _a9780470479919 (pbk. : alk. paper) | ||
| 040 | _cNust | ||
| 100 | 1 | _aFitton, Laura. | |
| 245 | 1 | 0 |
_aTwitter for dummies /(E-BOOK) _cLaura Fitton, Michael Gruen, Michael Gruen ; [edited by] Laura. |
| 250 | _a1st ed. | ||
| 260 |
_aIndianapolis, IN : _bWiley Pub., Inc., _c2009. |
||
| 300 | _ap. cm. | ||
| 505 | _aPart I: Twitter? Like Birds Do? (page-7) Part II: Joining Your Flock on Twitter (page-67) Part III: Twittering in High Gear (page-93) Part IV: Knowing Why We Twitter (page-155) Part V: The Part of Tens (page-233) | ||
| 942 |
_2ddc _cBK |
||
| 999 |
_c213239 _d213239 |
||